ბათუმის შოთა რუსთაველის სახელმწიფო უნივერსიტეტის ბიბლიოთეკა

Tutto su Atene Classica: (ბიბ.ჩანაწერი № 60538)

000 -LEADER
fixed length control field 00440nam a22001457a 4500
005 - DATE AND TIME OF LATEST TRANSACTION
control field 20230815165616.0
008 - FIXED-LENGTH DATA ELEMENTS--GENERAL INFORMATION
fixed length control field 230815s1966 it ||||| |||| 00| 0 ita d
041 ## - LANGUAGE CODE
Language code of text/sound track or separate title ita
080 ## - UNIVERSAL DECIMAL CLASSIFICATION NUMBER
Universal Decimal Classification number 008(38) +7.032(38) T-97
245 ## - TITLE STATEMENT
Title Tutto su Atene Classica:
Remainder of title Panorama di una civiltà /
Statement of responsibility, etc. Francesco Adorno.
264 ## - PRODUCTION, PUBLICATION, DISTRIBUTION, MANUFACTURE, AND COPYRIGHT NOTICE
Place of production, publication, distribution, manufacture Firenze,
Date of production, publication, distribution, manufacture, or copyright notice 1966.
300 ## - PHYSICAL DESCRIPTION
Extent 302 p.:
Other physical details ill.;
Dimensions 35 cm.
653 ## - INDEX TERM--UNCONTROLLED
keyword ათენის პანორამა
942 ## - ADDED ENTRY ELEMENTS (KOHA)
Source of classification or shelving scheme
Koha item type წიგნი
ეგზემპლარები
Withdrawn status Lost status Source of classification or shelving scheme Damaged status Not for loan Permanent Location Current Location Shelving location Date acquired Cost, normal purchase price Full call number Barcode Date last seen Copy number Uniform Resource Identifier Price effective from Koha item type Public note
          ბათუმის შოთა რუსთაველის სახელმწიფო უნივერსიტეტის მთავარი ბიბლიოთეკა ბათუმის შოთა რუსთაველის სახელმწიფო უნივერსიტეტის მთავარი ბიბლიოთეკა წიგნსაცავი 2023-08-15 30.00 008(38) +7.032(38) T-97 65144 2023-08-15 65144 ბსუ-ს საპატიო დოქტორის გურამ ლორთქიფანიძის საჩუქარი 2023-08-15 წიგნი 30 ლ.